| 000 | 00558cam a2200169 a 4500 | ||
|---|---|---|---|
| 001 | 000001101 | ||
| 005 | 20200929145457.0 | ||
| 008 | 860207s1969 it b 000 0 ita | ||
| 040 |
_aDO-SdBNP _bspa _cBNPHU |
||
| 082 |
_a340.00142 _bL879g |
||
| 100 | 1 |
_aLosano, Mario G. _93766 |
|
| 245 | 1 | 0 |
_aGiuscibernetica : _bMacchine e modelli cibernetici nel diritto. |
| 260 |
_aTorino : _bGiulio Einaudi, _c1969. |
||
| 300 |
_a205 p. ; _c18 cm. |
||
| 440 | 0 |
_aPiccola Biblioteca Einaudi ; _vno. 125 _93767 |
|
| 650 | 4 |
_aInvestigación jurÃdica _xProcesamiento de datos _93768 |
|
| 999 |
_c1060 _d1060 |
||